01330cam a2200229 4500008004100000010001600041020001500057040001800072050001900090082001200109130005800121245027100179260005200450300002500502500016500527650003500692700006000727710003400787710013300821710002500954710012100979700105s1970 ilu 001 0 eng  a 70141624 a0838930115 aDLCcDLCdDLC00aZ694b.A5 197000a025.3/20 aAnglo-American cataloging rules (North American text)00aAnglo-American cataloging rules.cPrepared by the American Library Association, the Library of Congress, the Library Association, and the Canadian Library Association. North American text with supplement of additions and changes. [General editor: C. Sumner Spalding] aChicago,bAmerican Library Associationc[1970]. axxii, 409 p.c27 cm. aSupersedes the A.L.A. cataloging rules for author and title entries, and includes a revision of the Rules for descriptive cataloging in the Library of Congress. 0aDescriptive catalogingxRules.1 aSpalding, C. Sumnerq(Charles Sumner),d1912-1997,eed.2 aAmerican Library Association.2 aAmerican Library Association.bDivision of Cataloging and Classification.tA.L.A. cataloging rules for author and title entries.2 aLibrary of Congress.2 aLibrary of Congress.bDescriptive Cataloging Division.tRules for descriptive cataloging in the Library of Congress.